Books by Subtitle Quiz Stats

 Plays Quiz Updated Apr 11, 2015

Challenge
Share
Tweet
Embed
Score 0/28 Timer 07:00
2 Plays Today
% Correct
Moby-Dick
98.5%
Peter Pan
96.1%
2001
95.6%
A Brief History of Time
92%
Fast Food Nation
90.1%
World War Z
89.4%
Wicked
87.9%
Eat, Pray, Love
80.3%
Freakonomics
79.4%
Bury My Heart at Wounded Knee
78.1%
In Cold Blood
70.2%
Frankenstein
66.6%
The Hobbit
66.3%
Oliver Twist
60.2%
% Correct
Walden
59.7%
Ben-Hur
57%
Madame Bovary
51.6%
Tess of the d'Urbervilles
48.2%
Blood Meridian
48.1%
Roots
47.8%
The Tipping Point
46.7%
Twelfth Night
44.1%
Silas Marner
42.6%
Zen and the Art of Motorcycle Maintenance
33%
Middlemarch
31.1%
Slaughterhouse Five
27.9%
Perfume
24.7%
Vanity Fair
13.6%

You're not logged in!

Compare scores with friends on all Sporcle quizzes.
OR
Log In

You Might Also Like...

Show Comments

Extras

Top Quizzes Today


Score Distribution

Your Account Isn't Verified!

In order to create a playlist on Sporcle, you need to verify the email address you used during registration. Go to your Sporcle Settings to finish the process.

Report this User

Report this user for behavior that violates our Community Guidelines.

Details: